Least Guessed Countries with Exceptions - Statistics

General Stats
  • This quiz has been taken 40 times
    13 since last reset
  • The average score is 21 of 29
Answer Stats
Guessed Answer % Correct
35% Benin
92%
31% Burkina Faso
92%
30% Burundi
92%
31% Equatorial Guinea
92%
38% Eritrea
92%
41% Rwanda
92%
40% Togo
92%
34% Djibouti
85%
36% Eswatini
85%
33% Gabon
85%
29% Guinea-Bissau
85%
39% Lesotho
85%
33% Sierra Leone
85%
34% Gambia
77%
44% Central African Republic
69%
34% Malawi
69%
43% Suriname
69%
44% Botswana
62%
39% Kyrgyzstan
62%
41% Liberia
62%
43% Liechtenstein
62%
41% Tajikistan
62%
36% Mauritania
54%
42% Senegal
54%
41% Cameroon
46%
42% Mozambique
46%
43% Namibia
46%
39% San Marino
38%
43% Kuwait
31%
No matching quizzes found
Score Distribution
Percent of People with Each Score
Percentile by Number Answered
Your Score History
You have not taken this quiz since the last reset